Bioinformatics / (رقم التسجيلة. 32197)
[ عرض عادي ]
| 000 -الفاتح | |
|---|---|
| حقل البيانات ثابتة الطول | 01742cam a2200361 a 4500 |
| 001 - رقم الضبط | |
| رقم الضبط | 15792192 |
| 003 - محدد رقم الضبط | |
| رقم الضبط | OSt |
| 005 - وقت وتاريخ اخر تعامل مع التسجيلة | |
| رقم الضبط | 20150408114153.0 |
| 008 - عناصر البيانات ثابتة الطول - معلومات عامة | |
| حقل البيانات ثابتة الطول | 090625s2010 enka b 001 0 eng |
| 010 ## - رقم ضبط مكتبة الكونجرس | |
| رقم ضبط مكتبة الكونجرس | 2009026566 |
| 020 ## - الرقم الدولى المعيارى للكتب | |
| الرقم الدولى المعيارى للكتاب | 9780415394949 |
| 020 ## - الرقم الدولى المعيارى للكتب | |
| الرقم الدولى المعيارى للكتاب | 0415394945 |
| 035 ## - رقم ضبط النظام | |
| رقم ضبط النظام | (OCoLC)ocn421534587 |
| 040 ## - مصدر الفهرسة | |
| وكالة الفهرسة الأصلية | DLC |
| وكالة النسخ | DLC |
| وكالة التعديل | YDX |
| -- | CDX |
| -- | UBY |
| -- | DLC |
| 050 00 - رقم طلب مكتبة الكونجرس | |
| رقم التصنيف | QH324.2 |
| رقم المادة | .H63 2010 |
| 082 00 - رقم تصنيف ديوى العشرى | |
| رقم التصنيف | 570.285 |
| رقم الطبعة | 22 |
| رقم المادة | HTB |
| 100 1# - المدخل الرئيسى - إسم شخصى | |
| الإسم الشخصى | Hodgman, T. Charlie. |
| 9 (RLIN) | 40127 |
| 245 10 - بيان العنوان | |
| العنوان | Bioinformatics / |
| بيان المسئوليه,etc | T. Charlie Hodgman, Andrew French and David R. Westhead. |
| 250 ## - بيان الطبعة | |
| بيان الطبعة | 2nd ed. |
| 260 ## - PUBLICATION, DISTRIBUTION, ETC. (IMPRINT) | |
| مكان الناشر او الموزع | Milton Park, Abingdon [Oxon] ; |
| -- | New York : |
| اسم الناشر او الموزع | Taylor & Francis, |
| تاريخ النشر أو التوزيع | c2010. |
| 300 ## - الوصف المادى | |
| التعداد | x, 340 p. : |
| تفاصيل ماديه اخرى للوعاء | ill. ; |
| أبعاد الوعاء | 25 cm. |
| 490 1# - بيان السلسلة | |
| عنوان السلسلة | BIOS instant notes |
| 504 ## - تبصرة ببليوجرافية | |
| تبصرة ببليوجرافية,الخ | Includes bibliographical references and index. |
| 505 0# - تبصرة محتويات-الفهرس | |
| تبصرة المحتويات المصاغة | The changing face of research biology -- Definitions of bioinformatics -- Essentials of physics -- Data and databases -- Data categories -- Computation -- Probability and statistics -- Modeling and mathematical techniques -- Artificial intelligence and machine learning -- Genomes and other sequences -- Transcriptomics -- Proteins and proteomics -- Metabolomics -- Supramolecular organization -- Biochemical dynamics -- Physiology -- Image analysis -- Textual analysis. |
| 650 #0 - المدخل الاضافى بالموضوع-مصطلح موضوعى | |
| مصطلح موضوعي أو اسم جغرافي كعنصر مدخل | Bioinformatics. |
| 700 1# - المدخل الاضافى - اسم شخصى | |
| الإسم الشخصى | French, Andrew. |
| 9 (RLIN) | 40128 |
| 700 1# - المدخل الاضافى - اسم شخصى | |
| الإسم الشخصى | Westhead, David R. |
| 9 (RLIN) | 40129 |
| 830 #0 - المدخل الاضافى بالسلسلة -عنوان موحد | |
| عنوان موحد | BIOS instant notes. |
| 9 (RLIN) | 40126 |
| 856 42 - الوصول و الموقع الالكترونى | |
| مواد محددة | Contributor biographical information |
| معرف المصدر الموحد | <a href="http://www.loc.gov/catdir/enhancements/fy1009/2009026566-b.html">http://www.loc.gov/catdir/enhancements/fy1009/2009026566-b.html</a> |
| 906 ## - عنصر بيانات محلى F, LDF (RLIN) | |
| a | 7 |
| b | cbc |
| c | orignew |
| d | 1 |
| e | ecip |
| f | 20 |
| g | y-gencatlg |
| 942 ## - عناصر المدخل الإضافي( كوها) | |
| مصدر التصنيف او مخطط الترفيف | Dewey Decimal Classification |
| Koha [default] item type | DVD |
| حالة الفقد | نموذج السعر الفعال | حالة تلف | ليس للاعارة | رقم الطلب | تاريخ الاكتساب | الموقع الحالي | الفرع الرئيسي | Date last seen | نوع المادة فى نظام كوها | مصدر التصنيف او خطة الترفيف | Total Checkouts |
|---|---|---|---|---|---|---|---|---|---|---|---|
| 2013-11-16 | 570.285 HTB | 2013-11-16 | المكتبة المركزية بالمجمعة (CL) | المكتبة المركزية بالمجمعة (CL) | 2013-11-16 | كتاب | Dewey Decimal Classification |
